Sistema de información web de facturación, cartera y cobro para la funeraria Carrasco Chavarría
El presente trabajo Sistema de Información Web de facturación, cartera y cobro para la funeraria Carrasco Chavarría, tiene como objetivo principal desarrollar un sistema para el negocio Carrasco Chavarría, el cual surge por la desorganización de la información de la cartera y cobro del negocio...
| Main Author: | |
|---|---|
| Other Authors: | |
| Format: | Tesis Section = Libro |
| Language: | Undetermined Spanish |
| Published: |
Managua
UNI
2021
|
| Subjects: |
| LEADER | 01420nam a2200277Ia 4500 | ||
|---|---|---|---|
| 008 | 240830s9999 xx 000 0 und d | ||
| 040 | |a BIBLIOTECA-RUPAP Mon 005.74 M827 | ||
| 041 | |a spa | ||
| 082 | |a Mon 005.74 M827 | ||
| 100 | 1 | |a Moraga Diaz, Jefry Ammed | |
| 245 | 1 | 0 | |a Sistema de información web de facturación, cartera y cobro para la funeraria Carrasco Chavarría |
| 260 | |a Managua |b UNI |c 2021 | ||
| 300 | |a 98 p. :il. | ||
| 500 | |a Contiene: anexos y CD. | ||
| 502 | |a Tesis (Ingeniero de Sistemas)- UNI, 2021. | ||
| 520 | 3 | |a El presente trabajo Sistema de Información Web de facturación, cartera y cobro para la funeraria Carrasco Chavarría, tiene como objetivo principal desarrollar un sistema para el negocio Carrasco Chavarría, el cual surge por la desorganización de la información de la cartera y cobro del negocio, con el cual se busca como centralizar la información y a su vez agilizar los procesos actuales del negocio, para poder brindar una mejor atención a su clientes y evitar trabajar horas extras de manera innecesaria. | |
| 650 | 7 | |a DESARROLLO DE SOFTWARE | |
| 650 | 7 | |b SISTEMA WEB-ANALISIS Y DISEÑO | |
| 650 | 7 | |c APLICACIÓN WEB | |
| 650 | 7 | |d BASES DE DATOS | |
| 650 | 7 | |e SISTEMA DE INFORMACION WEB | |
| 650 | 7 | |f LENGUAJE DE PROGRAMACION PARA COMPUTADOR | |
| 700 | 1 | |a Tutor: |b Herrera Treminio, Walger José | |
| 942 | |c BK |2 ddc | ||
| 991 | |a TESIS | ||
| 999 | |c 18850 | ||